书目信息 |
| 题名: |
嵌入式Linux应用开发详解
|
|
| 作者: | 冼进 主编 | |
| 分册: | ||
| 出版信息: | 北京 电子工业出版社 2007.11 |
|
| 页数: | 432页 | |
| 开本: | 26cm | |
| 丛书名: | 嵌入式研发系列丛书 | |
| 单 册: | ||
| 中图分类: | TP316.89 | |
| 科图分类: | ||
| 主题词: | Linux操作系统--Linux cao zuo xi tong--程序设计 | |
| 电子资源: | ||
| ISBN: | 978-7-121-05188-3 | |
| 000 | 01011nam 2200277 450 | |
| 001 | 012008004405 | |
| 005 | 20080806142437.93 | |
| 010 | @a978-7-121-05188-3@dCNY48.00 | |
| 100 | @a20080806d2007 em y0chiy0120 ea | |
| 101 | 0 | @achi |
| 102 | @aCN@b110000 | |
| 105 | @ay z 000yy | |
| 106 | @ar | |
| 200 | 1 | @a嵌入式Linux应用开发详解@Aqian ru shi Linux ying yong kai fa xiang jie@f冼进主编@Fxian jin zhu bian |
| 210 | @a北京@c电子工业出版社@d2007.11 | |
| 215 | @a432页@d26cm | |
| 225 | 2 | @a嵌入式研发系列丛书@Aqian ru shi yan fa xi lie cong shu |
| 312 | @a英文并列题名取自封面 | |
| 330 | @a本书主要介绍包括嵌入式Linux开发环境的配置、uClinux操作系统相关的知识、串口通信、LED、LCD显示器、USB驱动、PCI驱动等内容。 | |
| 410 | 0 | @12001 @a嵌入式研发系列丛书 |
| 510 | 1 | @aEmbedded linux development guide@zeng |
| 606 | 0 | @aLinux操作系统@ALinux cao zuo xi tong@x程序设计 |
| 690 | @aTP316.89@v4 | |
| 701 | 0 | @a冼进@Axian jin@4主编 |
| 801 | 0 | @aCN@bQSSK@c20080806 |
| 905 | @b731916-17@dTP316.89@eX239@f2 | |
| 嵌入式Linux应用开发详解/冼进主编.-北京:电子工业出版社,2007.11 |
| 432页;26cm.-(嵌入式研发系列丛书) |
| ISBN 978-7-121-05188-3:CNY48.00 |
| 本书主要介绍包括嵌入式Linux开发环境的配置、uClinux操作系统相关的知识、串口通信、LED、LCD显示器、USB驱动、PCI驱动等内容。 |
| ● |
| 相关链接 |
|
|
|
正题名:嵌入式Linux应用开发详解
索取号:TP316.89/X239
 
预约/预借
| 序号 | 登录号 | 条形码 | 馆藏地/架位号 | 状态 | 备注 |
| 1 | 731916 | 207319169 | 自科库301/301自科库 59排3列3层/ [索取号:TP316.89/X239] | 在馆 | |
| 2 | 731917 | 207319178 | 自科库301/301自科库 59排3列3层/ [索取号:TP316.89/X239] | 在馆 |